Home Print Resources E-Books E-Journals IIMT Lecture Series Library Membership Form Book Recommendation Form Campus Tour Take AdmissionAbout Us Contact Us

SURVEYING THEORY AND PRACTICE (Record no. 7712)

000 -LEADER
fixed length control field 00349nam a2200145Ia 4500
003 - CONTROL NUMBER IDENTIFIER
control field OSt
005 - DATE AND TIME OF LATEST TRANSACTION
control field 20240309122630.0
008 - FIXED-LENGTH DATA ELEMENTS--GENERAL INFORMATION
fixed length control field 170524s9999 xx 000 0 und d
020 ## - INTERNATIONAL STANDARD BOOK NUMBER
International Standard Book Number 9789385909085
040 ## - CATALOGING SOURCE
Transcribing agency IIMTU MEERUT
100 ## - MAIN ENTRY--PERSONAL NAME
Personal name BHAVIKATTI- S. S.
245 #0 - TITLE STATEMENT
Title SURVEYING THEORY AND PRACTICE
260 ## - PUBLICATION, DISTRIBUTION, ETC.
Name of publisher, distributor, etc. I.K. INTERNATIONAL
942 ## - ADDED ENTRY ELEMENTS (KOHA)
Source of classification or shelving scheme
Koha item type Book Bank
Holdings
Withdrawn status Lost status Source of classification or shelving scheme Damaged status Not for loan Home library Current library Date acquired Full call number Barcode Date last seen Uniform Resource Identifier Price effective from Koha item type Total Checkouts Date last checked out Public note
          IIMT University Central Library Meerut IIMT University Central Library Meerut 06/01/2017 R 01-B-80747 06/01/2017 SURVEYING 06/01/2017 Reference Book      
          IIMT University Central Library Meerut IIMT University Central Library Meerut 06/01/2017   01-B-80748 06/01/2017 SURVEYING 06/01/2017 Book Bank      
          IIMT University Central Library Meerut IIMT University Central Library Meerut 06/01/2017   01-B-80749 01/20/2025 SURVEYING 06/01/2017 Book Bank 3 09/03/2024  
          IIMT University Central Library Meerut IIMT University Central Library Meerut 06/01/2017   01-B-80750 12/22/2017 SURVEYING 06/01/2017 Book Bank 1 11/17/2017  
          IIMT University Central Library Meerut IIMT University Central Library Meerut 06/01/2017   01-B-80751 06/01/2017 SURVEYING 06/01/2017 Book Cost Paid     Book Cost paid by Staff salary seen in old yellow file
IIMT, Central Library. All Rights Reserved IIMT,UNIVERSITY © 2023
Implemented and Customised by I CLOUDE EMS
You Are OPAC Visitor No
free web counter

Powered by Koha